| 000 | 00000nam##2200000za#4500 |
| 001 | 9.697860 |
| 003 | CaOODSP |
| 005 | 20210624235653 |
| 007 | cr ||||||||||| |
| 008 | 150407|1996||||xxc|||||o f|0| 0 eng|d |
| 040 | |aCaOODSP|beng |
| 043 | |an-cn--- |
| 086 | 1 |aRH64-59/1996E-PDF |
| 110 | 1 |aCanada. |bHuman Resources Development Canada. |
| 245 | 14|aThe interaction of unemployment insurance and social assistance / |h[electronic resource]|cby Garry F. Barrett, Denise J. Doiron, David A. Green and W. Craig Riddell. |
| 246 | 1 |iTitle also cited as : |aUI and social assistance |
| 260 | |aOttawa - Ontario : |bHuman Resources Development Canada |cFebruary 1996. |
| 300 | |a77p.|bfigs., graphs, tables |
| 504 | |aBibliography. |
| 590 | |a13-12-Supp|b2013-05-10 |
| 690 | 07|aEmployment insurance|2gcpds |
| 690 | 07|aSocial services|2gcpds |
| 775 | 08|tL'interaction entre l'assurance-chômage et l'aide sociale / |w(CaOODSP)9.641866 |
| 856 | 40|ahttp://publications.gc.ca|qPDF|s456 KB|uhttps://publications.gc.ca/collections/collection_2013/rhdcc-hrsdc/RH64-59-1996-eng.pdf |
| 986 | |aIN-AH-218E-02-96 |